| 000 | 00822nac a22002171u 4500 | ||
|---|---|---|---|
| 010 | _a 2005019312 | ||
| 020 | _a9781405135597 (pbk. : alk. paper) | ||
| 020 | _a140513559X (pbk. : alk. paper) | ||
| 082 | 0 | 0 |
_a306.44 _bW265 |
| 090 |
_c2016 _d2016 |
||
| 100 | _aWardhaugh, Ronald. | ||
| 245 | 1 | 3 |
_aAn introduction to sociolinguistics / _cRonald Wardhaugh. |
| 250 | _a5th ed. | ||
| 260 |
_aMalden, Mass., USA : _bBlackwell Pub.,2006 _c2006. |
||
| 300 |
_a418 p. ; _c25 cm. |
||
| 490 | 0 |
_aBlackwell textbooks in linguistics ; _v4 |
|
| 504 | _aIncludes bibliographical references (p. [385]-414) and index. | ||
| 650 | 0 | _aSociolinguistics. | |
| 942 |
_cBB _k306.44W265 |
||
| 999 |
_c2016 _d2016 |
||